|
|
|
|
| LEADER |
01354nam a2200373 a 4500 |
| 001 |
000604442 |
| 003 |
CZ BrMZK |
| 005 |
20091130112243.0 |
| 007 |
ta |
| 008 |
020605s2002 xr e c cze d |
| 015 |
|
|
|a cnb001123726
|
| 020 |
|
|
|a 80-85628-65-1
|
| 035 |
|
|
|a (OCoLC)51191229
|
| 040 |
|
|
|a BOA001
|b cze
|
| 043 |
|
|
|a e-xr---
|
| 045 |
|
|
|a x7x7
|
| 072 |
|
7 |
|a 74
|x Kresba. Umělecká řemesla
|2 Konspekt
|9 21
|
| 080 |
|
|
|a 741/744(437.3)
|2 MRF
|
| 080 |
|
|
|a (083.81)
|2 MRF
|
| 100 |
1 |
|
|a Vik, Jindřich,
|d 1899-1980
|7 mzk2002112106
|
| 245 |
1 |
0 |
|a Jindřich Vik :
|b Čert nikdy nespí : [Galerie Klatovy-Klenová, 31.5.-28.7.2002] /
|c [úvodní text napsal Jaromír Zemina]
|
| 246 |
3 |
3 |
|a Čert nikdy nespí
|
| 260 |
|
|
|a [Klatovy :
|b Galerie Klatovy-Klenová,
|c 2002]
|
| 300 |
|
|
|a 63 s. :
|b barev. il. ;
|c 24 cm
|
| 500 |
|
|
|a Katalog výstavy
|
| 600 |
1 |
7 |
|a Vik, Jindřich,
|d 1899-1980
|7 mzk2002112106
|2 czenas
|
| 648 |
|
7 |
|a 20. století
|7 ch460558
|2 czenas
|
| 650 |
0 |
7 |
|a česká kresba
|7 ph116857
|y 20. stol.
|2 czenas
|
| 655 |
|
7 |
|a katalogy výstav
|7 fd132536
|2 czenas
|
| 700 |
1 |
|
|a Zemina, Jaromír,
|d 1930-
|7 jk01152531
|4 wfw
|
| 710 |
2 |
|
|a Galerie Klatovy (Klenová, Klatovy, Česko)
|7 ko2002101755
|
| 910 |
|
|
|a BOA001
|b 2-1103.914
|
| 990 |
|
|
|a BK
|
| 996 |
6 |
|
|b 2610162374
|c 2-1103.914
|l MZK
|r Sklad / do 1 hodiny
|n 0
|p p.v.
|w 000604442
|u 000010
|a 1
|e BOA001
|j MZK50
|s P
|